Die Bildung der "Seestädte" an der südwestlichen Ostseeküste
| Titel: | Die Bildung der "Seestädte" an der südwestlichen Ostseeküste |
|---|---|
| Verfasser: | |
| In: |
Riga und der Ostseeraum, (2005), Seite 37-63, 6 Kt. alle Artikel anzeigen |
| Veröffentlicht: | 2005 |
| Format: | Aufsatz |
| Sprache: | Deutsch |
X
alg: 39164136 001A $01999:11-11-16 001B $01999:25-04-21 $t10:53:27.000 001D $01999:11-11-16 001U $0utf8 001X $00 002@ $0Aox 003@ $0391641360 007A $0391641360 $aHEB 007T $0Herd78940 010@ $ager 011@ $a2005 021A $aDie @Bildung der "Seestädte" an der südwestlichen Ostseeküste 028A $aSchich $dWinfried 031A $h37-63, 6 Kt. $j2005 037A $aBetr. u.a. Stralsund und Greifswald 039B $aIn $8--Aau--. Riga und der Ostseeraum. - Marburg : Verl. Herder-Institut, 2005. - VIII, 486 S.. - Ill., graph. Darst., Kt.. - ISBN 3-87969-319-6 $x200500000000000963 $9133615367 045F $a307.0943816 $eDDC23BSB 045F/01 $a307.09 045F/03 $g43816 lok: 39164136 78 exp: 39164136 78 1 #EPN 201B/01 $020-12-17 $t23:00:11.000 201U/01 $0utf8 203@/01 $0787735876 208@/01 $a11-11-16 $be 209A/01 $a/ $f000 $x00 220C/01 $aTitelaufnehmer: cs 244Z/01 $2Trx $#Pomeranija $#Pommern $#Pomoransko $#Pomořansko $#Hinterpommern;Vorpommern;Mittelpommern $#Pomorze Środkowe;Pomorze Przednie $#Pomořansko;Západní Pomořany; Pomořany $8--Trx--Pomorze Zachodnie $x01 $9391303775 244Z/01 $2Trx $#Liubekas $#Lubeka $#Alt-Lübeck $8--Trx--Lübeck $x02 $9391161652 244Z/01 $2Trx $#Roztoky Něm. $8--Trx--Rostock $x03 $939127399X 244Z/01 $2Trx $8--Trx--Wismar $x04 $9391266551 244Z/01 $#Stralsund $#Hansestadt Stralsund $#Stadt Stralsund $#Straalsund $#Strahlsund $#Stralesundium $#Sundia $74057860-4 $8--Tg1--Stralsund $x05 $9085160881 244Z/01 $#Greifswald $#Gryphisvaldia $#Universitäts- und Hansestadt Greifswald $#Hansestadt Greifswald $#Gryphiswaldiae $#Greifsvaldas $#Gryfia $#Gryphia $74021965-3 $8--Tg1--Greifswald $x06 $9085053651 244Z/01 $aGeschichte 1100-1300 $x07 244Z/01 $2Trx $#linnad $#miestai $#towns $#városok $#miejscowości ogólnie $#dejiny miest $#dějiny měst $8--Trx--Städtewesen $x08 $9391381458 244Z/01 $2Trx $#sadamad $#uostai $#ports $#kikötök $#porty $#prístavy $#přístavy $8--Trx--Häfen $x09 $9391360663 244Z/01 $2Trx $8--Trx--Einzelbeiträge $x10 $9391384570 245Z/01 $a09.02 $x01 247C/01 $82080>Marburg/Lahn, Herder-Institut, Forschungsbibliothek, Bibliographieportal $9336309341
| LEADER | 00000caa a22000002c 4500 | ||
|---|---|---|---|
| 001 | 391641360 | ||
| 003 | DE-603 | ||
| 005 | 20210425105327.0 | ||
| 007 | tu | ||
| 008 | 161111s2005 xx |||| | u00||u|ger c | ||
| 035 | |a (DE-599)HEB391641360 | ||
| 040 | |a DE-603 |b ger |c DE-603 |d DE-603 | ||
| 041 | |a ger | ||
| 082 | 0 | 4 | |8 1\u |a 307.0943816 |q DE-101 |2 23/BSB |
| 085 | |8 1\u |b 307.09 | ||
| 085 | |8 1\u |z 2 |s 43816 | ||
| 100 | 1 | |a Schich, Winfried | |
| 245 | 0 | 0 | |a Die Bildung der "Seestädte" an der südwestlichen Ostseeküste |
| 264 | 0 | |c 2005 | |
| 500 | |a Betr. u.a. Stralsund und Greifswald | ||
| 773 | 0 | 8 | |i In |t Riga und der Ostseeraum |d Marburg : Verl. Herder-Institut, 2005 |h VIII, 486 S., Ill., graph. Darst., Kt. |z 3879693196 |g (2005), Seite 37-63, 6 Kt. |w (DE-603)133615367 |
| 924 | 0 | |9 2080 |a (DE-603)787735876 |b DE-2080 |c HES |d d |g / | |


